004380000a2200145000450024500550000065000180005565000330007365000230010665000200012965100140014904100130016370000200017610000190019677300770021510aChecklist and bibliography of Nicaragua Chiroptera14aMurciélagos14aInventarios de murciélagos14aTaxonomía animal14aBibliografías 4pNicaragua0 aInglés1 aOwen, Robert D.1 aJones, J. Knox1 tOccasional Papers: Museum of Texas Tech University3430h106q1-13d1986